Teatro mexicano (Record no. 128998)

MARC details
000 -LEADER
campo de control de longitud fija 00858nam a2200229 i 4500
001 - NÚMERO DE CONTROL
campo de control 128998
003 - IDENTIFICADOR DE NÚMERO DE CONTROL
campo de control ES-MaACL
005 - FECHA Y HORA DE LA ÚLTIMA TRANSACCIÓN
campo de control 20230906193422.0
007 - CAMPO FIJO DE DESCRIPCIÓN FÍSICA--INFORMACIÓN GENERAL
campo de control de longitud fija t|
008 - DATOS DE LONGITUD FIJA--INFORMACIÓN GENERAL
campo de control de longitud fija 070601s1967 mx ||||1| spa d
080 ## - NÚMERO DE LA CLASIFICACIÓN DECIMAL UNIVERSAL
Número de la Clasificación Decimal Universal 860(72)-2"1964"
245 00 - MENCIÓN DEL TÍTULO
Título Teatro mexicano
Resto del título : 1964 /
Mención de responsabilidad, etc. selección, prólogo y apéndice de Antonio Magaña Esquivel.
260 ## - PUBLICACIÓN, DISTRIBUCIÓN, ETC.
Lugar de publicación, distribución, etc. México :
Nombre del editor, distribuidor, etc. Aguilar,
Fecha de publicación, distribución, etc. 1967.
300 ## - DESCRIPCIÓN FÍSICA
Extensión 302 p. :
Otras características físicas il. ;
Dimensiones 21 cm.
505 8# - NOTA DE CONTENIDO CON FORMATO
Nota de contenido con formato El medio pelo / Antonio González Caballero.-- Olímpica / Héctor Azar.-- Un país feliz / Maruxa Vilalta.-- El hombre y su máscara / Margarita Urueta
700 1# - ENTRADA AGREGADA--NOMBRE PERSONAL
Nombre de persona Magaña Esquivel, Antonio.
9 (RLIN) 75446
700 1# - ENTRADA AGREGADA--NOMBRE PERSONAL
Nombre de persona González Caballero, Antonio.
9 (RLIN) 58476
700 1# - ENTRADA AGREGADA--NOMBRE PERSONAL
Nombre de persona Azar, Héctor.
9 (RLIN) 24230
700 1# - ENTRADA AGREGADA--NOMBRE PERSONAL
Nombre de persona Vilalta, Maruxa.
9 (RLIN) 114767
700 1# - ENTRADA AGREGADA--NOMBRE PERSONAL
Nombre de persona Urueta, Margarita.
9 (RLIN) 112275
852 ## - LOCALIZACIÓN
Ubicación ES-MaACL
Número de control de estantería C-56378
Sublocalización o colección R.89106
Holdings
Estatus retirado Estado de pérdida Estado de daño No para préstamo Biblioteca de origen Biblioteca actual Ubicación en estantería Fecha de adquisición Fuente de adquisición Total de préstamos Signatura topográfica completa Código de barras Visto por última vez Precio de reemplazo Tipo de ítem Koha
        Biblioteca del Ateneo de Madrid Biblioteca del Ateneo de Madrid Depósito 2 17/01/2008     C-56378 1134339 23/02/2023 23/02/2023 Libro impreso